[Event "Dutch Internet Championship Final"]
[Site "playchess.com #038132"]
[Date "2011.06.18"]
[Round "1.3"]
[White "Zgorl"]
[Black "Reinderman"]
[Result "1/2-1/2"]
[WhiteElo "2465"]
[BlackElo "2487"]
[PlyCount "75"]
[EventDate "2011.06.18"]
[EventType "match (blitz)"]

1. e4 {[%emt 0:00:03]} c5 {[%emt 0:00:06]} 2. Nf3 {[%emt 0:00:04]} d6 {[%emt 0:
00:01]} 3. d4 {[%emt 0:00:02]} cxd4 {[%emt 0:00:01]} 4. Nxd4 {[%emt 0:00:00]}
Nf6 {[%emt 0:00:01]} 5. Nc3 {[%emt 0:00:01]} g6 {[%emt 0:00:01]} 6. Be3 {[%emt
0:00:05]} Bg7 {[%emt 0:00:01]} 7. f3 {[%emt 0:00:01]} Nbd7 {[%emt 0:00:02]} 8.
Bc4 {[%emt 0:00:02]} a6 {[%emt 0:00:02]} 9. Qd2 {[%emt 0:00:03]} b5 {[%emt 0:
00:01]} 10. Bb3 {[%emt 0:00:01]} Bb7 {[%emt 0:00:01]} 11. O-O-O {[%emt 0:00:01]
} Rc8 {[%emt 0:00:06]} 12. Kb1 {[%emt 0:00:02]} Ne5 {[%emt 0:00:08]} 13. Bh6 {
[%emt 0:00:12]} Bxh6 {[%emt 0:00:02]} 14. Qxh6 {[%emt 0:00:01]} Rxc3 {[%emt 0:
00:02]} 15. bxc3 {[%emt 0:00:01]} Qc7 {[%emt 0:00:02]} 16. Qe3 {[%emt 0:00:10]}
O-O {[%emt 0:00:13]} 17. h4 {[%emt 0:00:07]} Rc8 {[%emt 0:00:02]} 18. Ne2 {
[%emt 0:00:02]} a5 {[%emt 0:00:04]} 19. a3 {[%emt 0:00:01]} Nc4 {[%emt 0:00:11]
} 20. Bxc4 {[%emt 0:00:03]} Qxc4 {[%emt 0:00:01]} 21. Rd4 {[%emt 0:00:08]} Qc5
{[%emt 0:00:01]} 22. Kb2 {[%emt 0:00:05]} h5 {[%emt 0:00:06]} 23. Rhd1 {[%emt
0:00:06]} Nd7 {[%emt 0:00:06]} 24. Qg5 {[%emt 0:00:19]} Qxg5 {[%emt 0:00:16]}
25. hxg5 {[%emt 0:00:00]} Nc5 {[%emt 0:00:07]} 26. e5 {[%emt 0:00:11]} d5 {
[%emt 0:00:14]} 27. Rxd5 {[%emt 0:00:06]} Bxd5 {[%emt 0:00:02]} 28. Rxd5 {
[%emt 0:00:00]} Kf8 {[%emt 0:00:10]} 29. Kc1 {[%emt 0:00:39]} Ke8 {[%emt 0:00:
10]} 30. Kd2 {[%emt 0:00:04]} e6 {[%emt 0:00:37]} 31. Rd6 {[%emt 0:00:06]} Nd7
{[%emt 0:00:04]} 32. f4 {[%emt 0:00:03]} Rc4 {[%emt 0:00:04]} 33. Nd4 {[%emt 0:
00:03]} Nc5 {[%emt 0:00:14]} 34. Rc6 {[%emt 0:00:49]} Kd7 {[%emt 0:00:18]} 35.
Rd6+ {[%emt 0:00:19]} Ke8 {[%emt 0:00:01]} 36. Rc6 {[%emt 0:00:20]} Ne4+ {
[%emt 0:00:10]} 37. Kd3 {[%emt 0:00:02]} Nc5+ {[%emt 0:00:03]} 38. Kd2 {[%emt
0:00:18]} 1/2-1/2

[Event "Dutch Internet Championship Final"]
[Site "playchess.com #038132"]
[Date "2011.06.18"]
[Round "1.3"]
[White "Rossetis"]
[Black "Jack Snipe"]
[Result "1-0"]
[WhiteElo "2490"]
[BlackElo "2441"]
[PlyCount "93"]
[EventDate "2011.06.18"]
[EventType "match (blitz)"]

1. e4 {[%emt 0:00:01]} e5 {[%emt 0:00:02]} 2. Nf3 {[%emt 0:00:01]} Nc6 {[%emt
0:00:01]} 3. Bb5 {[%emt 0:00:01]} a6 {[%emt 0:00:01]} 4. Ba4 {[%emt 0:00:02]}
Nge7 {[%emt 0:00:01]} 5. O-O {[%emt 0:00:02]} g6 {[%emt 0:00:02]} 6. Re1 {
[%emt 0:00:01]} Bg7 {[%emt 0:00:01]} 7. c3 {[%emt 0:00:01]} d6 {[%emt 0:00:08]}
8. h3 {[%emt 0:00:02]} O-O {[%emt 0:00:07]} 9. d4 {[%emt 0:00:03]} b5 {[%emt 0:
00:02]} 10. Bb3 {[%emt 0:00:02]} exd4 {[%emt 0:00:02]} 11. cxd4 {[%emt 0:00:01]
} Na5 {[%emt 0:00:01]} 12. Bc2 {[%emt 0:00:03]} c5 {[%emt 0:00:01]} 13. Nc3 {
[%emt 0:00:10]} Bb7 {[%emt 0:00:17]} 14. Bg5 {[%emt 0:00:12]} h6 {[%emt 0:00:
04]} 15. Bf4 {[%emt 0:00:05]} Nc4 {[%emt 0:00:04]} 16. b3 {[%emt 0:00:07]} Na3
{[%emt 0:00:03]} 17. Bd3 {[%emt 0:00:15]} Nc6 {[%emt 0:00:12]} 18. Ne2 {[%emt
0:00:12]} b4 {[%emt 0:00:35]} 19. d5 {[%emt 0:00:19]} Ne7 {[%emt 0:00:10]} 20.
Rc1 {[%emt 0:00:06]} f5 {[%emt 0:00:05]} 21. exf5 {[%emt 0:00:11]} Nxd5 {[%emt
0:00:23]} 22. Bg3 {[%emt 0:00:17]} gxf5 {[%emt 0:00:08]} 23. Nf4 {[%emt 0:00:
02]} Nxf4 {[%emt 0:00:05]} 24. Bxf4 {[%emt 0:00:02]} Nb5 {[%emt 0:00:08]} 25.
Bxb5 {[%emt 0:00:23]} axb5 {[%emt 0:00:03]} 26. Bxd6 {[%emt 0:00:01]} Bxf3 {
[%emt 0:00:02]} 27. gxf3 {[%emt 0:00:02]} Qg5+ {[%emt 0:00:03]} 28. Kh2 {[%emt
0:00:07]} Rad8 {[%emt 0:00:36]} 29. Qd5+ {[%emt 0:00:24]} Rf7 {[%emt 0:00:02]}
30. Qxc5 {[%emt 0:00:19]} Qh5 {[%emt 0:00:31]} 31. Rg1 {[%emt 0:00:18]} Qxf3 {
[%emt 0:00:02]} 32. Rg3 {[%emt 0:00:02]} Qe2 {[%emt 0:00:13]} 33. Rcg1 {[%emt
0:00:08]} Kh7 {[%emt 0:00:08]} 34. Rxg7+ {[%emt 0:00:05]} Rxg7 {[%emt 0:00:02]}
35. Qxf5+ {[%emt 0:00:01]} Kg8 {[%emt 0:00:13]} 36. Rxg7+ {[%emt 0:00:09]} Kxg7
{[%emt 0:00:01]} 37. Be5+ {[%emt 0:00:01]} Kg8 {[%emt 0:00:03]} 38. Qe6+ {
[%emt 0:00:09]} Kf8 {[%emt 0:00:03]} 39. Bg7+ {[%emt 0:00:05]} Kxg7 {[%emt 0:
00:01]} 40. Qxe2 {[%emt 0:00:00]} Rf8 {[%emt 0:00:01]} 41. Kg2 {[%emt 0:00:04]}
Rf5 {[%emt 0:00:02]} 42. Qe7+ {[%emt 0:00:03]} Kg6 {[%emt 0:00:02]} 43. h4 {
[%emt 0:00:02]} Kh5 {[%emt 0:00:05]} 44. Qxb4 {[%emt 0:00:06]} Re5 {[%emt 0:00:
07]} 45. Qf4 {[%emt 0:00:04]} Rc5 {[%emt 0:00:03]} 46. f3 {[%emt 0:00:08]} b4 {
[%emt 0:00:03]} 47. Qg4# {[%emt 0:00:02]} 1-0

[Event "Dutch Internet Championship Final"]
[Site "playchess.com #038132"]
[Date "2011.06.18"]
[Round "2.4"]
[White "Jan Smeets"]
[Black "Daanbrandenburg"]
[Result "0-1"]
[WhiteElo "2813"]
[BlackElo "2730"]
[PlyCount "52"]
[EventDate "2011.06.18"]
[EventType "match (blitz)"]
[TimeControl "180+3"]

1. e4 {[%emt 0:00:02]} e6 {[%emt 0:00:02]} 2. d4 {[%emt 0:00:01]} d5 {[%emt 0:
00:01]} 3. e5 {[%emt 0:00:00]} c5 {[%emt 0:00:01]} 4. c3 {[%emt 0:00:00]} Nc6 {
[%emt 0:00:00]} 5. Nf3 {[%emt 0:00:00]} Qb6 {[%emt 0:00:02]} 6. a3 {[%emt 0:00:
02]} Nh6 {[%emt 0:00:01]} 7. b4 {[%emt 0:00:03]} cxd4 {[%emt 0:00:02]} 8. cxd4
{[%emt 0:00:01]} Nf5 {[%emt 0:00:00]} 9. Be3 {[%emt 0:00:03]} Bd7 {[%emt 0:00:
01]} 10. Nc3 {[%emt 0:00:03]} Rc8 {[%emt 0:00:06]} 11. Na4 {[%emt 0:00:06]} Qd8
{[%emt 0:00:21]} 12. Bd3 {[%emt 0:00:05]} Nxe3 {[%emt 0:00:25]} 13. fxe3 {
[%emt 0:00:00]} Be7 {[%emt 0:00:06]} 14. O-O {[%emt 0:00:03]} O-O {[%emt 0:00:
01]} 15. e4 {[%emt 0:00:23]} Nxd4 {[%emt 0:00:16]} 16. Nxd4 {[%emt 0:00:52]}
Bxa4 {[%emt 0:00:02]} 17. Qxa4 {[%emt 0:00:00]} dxe4 {[%emt 0:00:01]} 18. Nxe6
{[%emt 0:00:22]} fxe6 {[%emt 0:00:01]} 19. Be2 {[%emt 0:00:08]} Qd4+ {[%emt 0:
00:02]} 20. Kh1 {[%emt 0:00:01]} Qxe5 {[%emt 0:00:09]} 21. Qxa7 {[%emt 0:00:07]
} Bd6 {[%emt 0:00:12]} 22. g3 {[%emt 0:00:02]} Rc2 {[%emt 0:00:02]} 23. Qe3 {
[%emt 0:00:22]} Rf3 {[%emt 0:00:29]} 24. Bxf3 {[%emt 0:00:13]} Rxh2+ {[%emt 0:
00:03]} 25. Kxh2 {[%emt 0:00:10]} Qxg3+ {[%emt 0:00:01]} 26. Kh1 {[%emt 0:00:
01]} Qh2# {[%emt 0:00:01] (Lag: Av=0.20s, max=0.4s)} 0-1

[Event "Dutch Internet Championship Final"]
[Site "playchess.com #038132"]
[Date "2011.06.18"]
[Round "2.4"]
[White "kingloek"]
[Black "Erikerik"]
[Result "1-0"]
[WhiteElo "2891"]
[BlackElo "2666"]
[PlyCount "115"]
[EventDate "2011.06.18"]
[EventType "match (blitz)"]
[TimeControl "180+3"]

1. d4 {[%emt 0:00:01]} Nf6 {[%emt 0:00:01]} 2. c4 {[%emt 0:00:01]} e6 {[%emt 0:
00:01]} 3. Nc3 {[%emt 0:00:01]} Bb4 {[%emt 0:00:01]} 4. Qc2 {[%emt 0:00:01]} c5
{[%emt 0:00:09]} 5. dxc5 {[%emt 0:00:03]} O-O {[%emt 0:00:01]} 6. a3 {[%emt 0:
00:05]} Bxc5 {[%emt 0:00:01]} 7. Nf3 {[%emt 0:00:03]} Nc6 {[%emt 0:00:02]} 8.
Bg5 {[%emt 0:00:10]} b6 {[%emt 0:00:02]} 9. e3 {[%emt 0:00:09]} Bb7 {[%emt 0:
00:06]} 10. Bd3 {[%emt 0:00:05]} h6 {[%emt 0:00:01]} 11. Bh4 {[%emt 0:00:01]}
Be7 {[%emt 0:00:03]} 12. O-O {[%emt 0:00:04]} Rc8 {[%emt 0:00:03]} 13. Rfd1 {
[%emt 0:00:07]} Na5 {[%emt 0:00:11]} 14. Qe2 {[%emt 0:00:01]} d5 {[%emt 0:00:
54]} 15. cxd5 {[%emt 0:00:38]} Nxd5 {[%emt 0:00:04]} 16. Nxd5 {[%emt 0:00:05]}
Bxd5 {[%emt 0:00:18]} 17. Bg3 {[%emt 0:00:02]} Qe8 {[%emt 0:00:11]} 18. Ne5 {
[%emt 0:00:18]} Bf6 {[%emt 0:00:11]} 19. Bb5 {[%emt 0:00:20]} Qe7 {[%emt 0:00:
04]} 20. e4 {[%emt 0:00:40]} Bb3 {[%emt 0:00:20]} 21. Rd2 {[%emt 0:00:30]} Qc5
{[%emt 0:00:09]} 22. Nd7 {[%emt 0:00:10]} Qc1+ {[%emt 0:00:10]} 23. Rxc1 {
[%emt 0:00:13]} Rxc1+ {[%emt 0:00:02]} 24. Qf1 {[%emt 0:00:01]} Rxf1+ {[%emt 0:
00:23]} 25. Kxf1 {[%emt 0:00:02]} Rc8 {[%emt 0:00:03]} 26. Nxf6+ {[%emt 0:00:
02]} gxf6 {[%emt 0:00:02]} 27. Ke2 {[%emt 0:00:13]} Rc5 {[%emt 0:00:15]} 28.
Bd3 {[%emt 0:00:02]} Rc1 {[%emt 0:00:08]} 29. f3 {[%emt 0:00:04]} Ba4 {[%emt 0:
00:15]} 30. Ke3 {[%emt 0:00:07]} Kg7 {[%emt 0:00:06]} 31. Bb8 {[%emt 0:00:03]}
Nc6 {[%emt 0:00:02]} 32. Bd6 {[%emt 0:00:03]} e5 {[%emt 0:00:06]} 33. f4 {
[%emt 0:00:02]} Re1+ {[%emt 0:00:04]} 34. Re2 {[%emt 0:00:02]} Rh1 {[%emt 0:00:
02]} 35. h3 {[%emt 0:00:01]} exf4+ {[%emt 0:00:04]} 36. Bxf4 {[%emt 0:00:02]}
Ne5 {[%emt 0:00:01]} 37. Bxe5 {[%emt 0:00:10]} fxe5 {[%emt 0:00:01]} 38. Bc4 {
[%emt 0:00:01]} Bc6 {[%emt 0:00:09]} 39. Rc2 {[%emt 0:00:05]} Re1+ {[%emt 0:00:
03]} 40. Be2 {[%emt 0:00:01]} Bb5 {[%emt 0:00:02]} 41. Kf2 {[%emt 0:00:01]}
Rxe2+ {[%emt 0:00:01]} 42. Rxe2 {[%emt 0:00:01]} Bxe2 {[%emt 0:00:01]} 43. Kxe2
{[%emt 0:00:01]} Kf6 {[%emt 0:00:01]} 44. Kf3 {[%emt 0:00:01]} Kg5 {[%emt 0:00:
01]} 45. Kg3 {[%emt 0:00:02]} h5 {[%emt 0:00:07]} 46. Kf3 {[%emt 0:00:04]} b5 {
[%emt 0:00:07]} 47. b4 {[%emt 0:00:09]} a6 {[%emt 0:00:03]} 48. g3 {[%emt 0:00:
02]} h4 {[%emt 0:00:06]} 49. gxh4+ {[%emt 0:00:04]} Kxh4 {[%emt 0:00:01]} 50.
Kg2 {[%emt 0:00:01]} f6 {[%emt 0:00:02]} 51. Kh2 {[%emt 0:00:01]} Kg5 {[%emt 0:
00:10]} 52. Kg3 {[%emt 0:00:01]} f5 {[%emt 0:00:03]} 53. exf5 {[%emt 0:00:01]}
Kxf5 {[%emt 0:00:01]} 54. Kf3 {[%emt 0:00:01]} Kg5 {[%emt 0:00:06]} 55. Ke4 {
[%emt 0:00:01]} Kh4 {[%emt 0:00:01]} 56. Kxe5 {[%emt 0:00:01]} Kxh3 {[%emt 0:
00:01]} 57. Kd5 {[%emt 0:00:01]} Kg4 {[%emt 0:00:01]} 58. Kc5 {[%emt 0:00:01]
Erikerik geeft op  (Lag: Av=0.62s, max=5.3s)} 1-0

[Event "Dutch Internet Championship Final"]
[Site "playchess.com #038132"]
[Date "2011.06.18"]
[Round "2.4"]
[White "Reinderman"]
[Black "Christov"]
[Result "1-0"]
[WhiteElo "2507"]
[BlackElo "2478"]
[PlyCount "49"]
[EventDate "2011.06.18"]
[EventType "match (blitz)"]
[TimeControl "180+3"]

1. c4 {[%emt 0:00:02]} c6 {[%emt 0:00:01]} 2. g3 {[%emt 0:00:02]} d5 {[%emt 0:
00:01]} 3. Nf3 {[%emt 0:00:01]} Nf6 {[%emt 0:00:01]} 4. Bg2 {[%emt 0:00:01]}
Bg4 {[%emt 0:00:04]} 5. Ne5 {[%emt 0:00:02]} Be6 {[%emt 0:00:11]} 6. cxd5 {
[%emt 0:00:01]} Bxd5 {[%emt 0:00:03]} 7. Nf3 {[%emt 0:00:01]} e5 {[%emt 0:00:
05]} 8. Nc3 {[%emt 0:00:02]} e4 {[%emt 0:00:01]} 9. Ng5 {[%emt 0:00:11]} e3 {
[%emt 0:00:08]} 10. Nxd5 {[%emt 0:00:02]} exf2+ {[%emt 0:00:03]} 11. Kxf2 {
[%emt 0:00:01]} Bc5+ {[%emt 0:00:11]} 12. d4 {[%emt 0:00:13]} Ng4+ {[%emt 0:00:
21]} 13. Kg1 {[%emt 0:00:08]} cxd5 {[%emt 0:00:09]} 14. dxc5 {[%emt 0:00:04]}
O-O {[%emt 0:00:13]} 15. h3 {[%emt 0:00:16]} Nf6 {[%emt 0:00:03]} 16. Kh2 {
[%emt 0:00:04]} Qe7 {[%emt 0:00:03]} 17. b4 {[%emt 0:00:19]} Nc6 {[%emt 0:00:
05]} 18. Bf4 {[%emt 0:00:13]} Nh5 {[%emt 0:00:26]} 19. Qd2 {[%emt 0:00:16]} h6
{[%emt 0:00:14]} 20. Nf3 {[%emt 0:00:02]} Rfe8 {[%emt 0:00:07]} 21. Rhe1 {
[%emt 0:00:03]} Qf6 {[%emt 0:00:10]} 22. b5 {[%emt 0:00:09]} Ne7 {[%emt 0:00:
03]} 23. Nd4 {[%emt 0:00:10]} Ng6 {[%emt 0:00:04]} 24. Bd6 {[%emt 0:00:06]} Qf2
{[%emt 0:00:10]} 25. Rf1 {[%emt 0:00:07] Christov geeft op  (Lag: Av=0.23s,
max=0.6s)} 1-0

[Event "Dutch Internet Championship Final"]
[Site "playchess.com #038132"]
[Date "2011.06.18"]
[Round "2.1"]
[White "Erikerik"]
[Black "kingloek"]
[Result "0-1"]
[WhiteElo "2650"]
[BlackElo "2907"]
[PlyCount "56"]
[EventDate "2011.06.18"]
[EventType "match (blitz)"]
[TimeControl "180+3"]

1. e4 {[%emt 0:00:01]} c5 {[%emt 0:00:01]} 2. Nf3 {[%emt 0:00:01]} d6 {[%emt 0:
00:01]} 3. d4 {[%emt 0:00:02]} cxd4 {[%emt 0:00:01]} 4. Nxd4 {[%emt 0:00:01]}
Nf6 {[%emt 0:00:01]} 5. Nc3 {[%emt 0:00:01]} a6 {[%emt 0:00:01]} 6. Be3 {[%emt
0:00:01]} e5 {[%emt 0:00:02]} 7. Nb3 {[%emt 0:00:02]} Be7 {[%emt 0:00:02]} 8.
Qf3 {[%emt 0:00:03]} O-O {[%emt 0:00:10]} 9. h3 {[%emt 0:00:10]} b5 {[%emt 0:
00:09]} 10. O-O-O {[%emt 0:00:25]} b4 {[%emt 0:00:09]} 11. Na4 {[%emt 0:00:33]}
Nbd7 {[%emt 0:00:10]} 12. g4 {[%emt 0:00:21]} Bb7 {[%emt 0:00:01]} 13. Bd3 {
[%emt 0:00:15]} Bc6 {[%emt 0:00:04]} 14. g5 {[%emt 0:00:03]} Ne8 {[%emt 0:00:
09]} 15. h4 {[%emt 0:00:25]} Bxa4 {[%emt 0:00:03]} 16. Bc4 {[%emt 0:00:09]} Qc7
{[%emt 0:00:54]} 17. Bd5 {[%emt 0:00:05]} Rc8 {[%emt 0:00:02]} 18. Rd2 {[%emt
0:00:06]} Bc6 {[%emt 0:00:01]} 19. h5 {[%emt 0:00:08]} Bxd5 {[%emt 0:00:02]}
20. exd5 {[%emt 0:00:02]} Nb6 {[%emt 0:00:09]} 21. Bxb6 {[%emt 0:00:28]} Qxb6 {
[%emt 0:00:03]} 22. Qf5 {[%emt 0:00:01]} Rc4 {[%emt 0:00:23]} 23. g6 {[%emt 0:
00:07]} Rf4 {[%emt 0:00:02]} 24. gxh7+ {[%emt 0:00:24]} Kh8 {[%emt 0:00:02]}
25. Qd7 {[%emt 0:00:03]} Bg5 {[%emt 0:00:14]} 26. Kb1 {[%emt 0:00:03]} Nf6 {
[%emt 0:00:04]} 27. Qe7 {[%emt 0:00:11]} Nxh7 {[%emt 0:00:09]} 28. Nc1 {[%emt
0:00:05]} Bxe7 {[%emt 0:00:02] Tijd  (Lag: Av=0.50s, max=2.4s) .} 0-1

[Event "Dutch Internet Championship Final"]
[Site "playchess.com #038132"]
[Date "2011.06.18"]
[Round "2.1"]
[White "Daanbrandenburg"]
[Black "Jan Smeets"]
[Result "1-0"]
[WhiteElo "2697"]
[BlackElo "2846"]
[PlyCount "51"]
[EventDate "2011.06.18"]
[EventType "match (blitz)"]
[TimeControl "180+3"]

1. e4 {[%emt 0:00:02]} e5 {[%emt 0:00:04]} 2. Nf3 {[%emt 0:00:01]} Nc6 {[%emt
0:00:01]} 3. d4 {[%emt 0:00:01]} exd4 {[%emt 0:00:01]} 4. Bc4 {[%emt 0:00:01]}
Nf6 {[%emt 0:00:04]} 5. Ng5 {[%emt 0:00:01]} Ne5 {[%emt 0:00:05]} 6. Bb3 {
[%emt 0:00:01]} h6 {[%emt 0:01:28]} 7. f4 {[%emt 0:00:02]} hxg5 {[%emt 0:00:01]
} 8. fxe5 {[%emt 0:00:01]} Nxe4 {[%emt 0:00:00]} 9. Bd5 {[%emt 0:00:01]} Nc5 {
[%emt 0:00:12]} 10. O-O {[%emt 0:00:02]} Ne6 {[%emt 0:00:01]} 11. Qf3 {[%emt 0:
00:01]} Qe7 {[%emt 0:00:07]} 12. Nd2 {[%emt 0:00:01]} f6 {[%emt 0:00:34]} 13.
Ne4 {[%emt 0:01:28] .} c6 {[%emt 0:00:13]} 14. exf6 {[%emt 0:00:10]} gxf6 {
[%emt 0:00:01]} 15. Nxf6+ {[%emt 0:00:02]} Kd8 {[%emt 0:00:01]} 16. Bxe6 {
[%emt 0:00:06]} Qxe6 {[%emt 0:00:03]} 17. Bxg5 {[%emt 0:00:01]} Kc7 {[%emt 0:
00:00]} 18. Rae1 {[%emt 0:00:05]} Qxa2 {[%emt 0:00:21]} 19. Ne8+ {[%emt 0:00:
19]} Kb6 {[%emt 0:00:05]} 20. Bd8+ {[%emt 0:00:10]} Kc5 {[%emt 0:00:06]} 21. c3
{[%emt 0:00:41]} Qd5 {[%emt 0:00:10]} 22. b4+ {[%emt 0:00:22]} Kc4 {[%emt 0:00:
02]} 23. Qe2+ {[%emt 0:00:08]} d3 {[%emt 0:00:04]} 24. Qa2+ {[%emt 0:00:16]}
Kxc3 {[%emt 0:00:03]} 25. Rc1+ {[%emt 0:00:03]} Kxb4 {[%emt 0:00:09]} 26. Qb2+
{[%emt 0:00:02] Jan Smeets resigns  (Lag: Av=0.48s, max=1.2s)} 1-0

[Event "Dutch Internet Championship Final"]
[Site "playchess.com #038132"]
[Date "2011.06.18"]
[Round "2.1"]
[White "Rossetis"]
[Black "Ivan Sokolov"]
[Result "0-1"]
[WhiteElo "2505"]
[BlackElo "2287"]
[PlyCount "48"]
[EventDate "2011.06.18"]
[EventType "match (blitz)"]
[TimeControl "180+3"]

1. e4 {[%emt 0:00:01]} e5 {[%emt 0:00:02]} 2. Nf3 {[%emt 0:00:03]} Nc6 {[%emt
0:00:01]} 3. Bb5 {[%emt 0:00:02]} a6 {[%emt 0:00:01]} 4. Ba4 {[%emt 0:00:03]}
d6 {[%emt 0:00:01]} 5. c3 {[%emt 0:00:06]} Bd7 {[%emt 0:00:02]} 6. d3 {[%emt 0:
00:07]} g6 {[%emt 0:00:03]} 7. h3 {[%emt 0:00:02]} Bg7 {[%emt 0:00:02]} 8. O-O
{[%emt 0:00:05]} Nf6 {[%emt 0:00:05]} 9. Be3 {[%emt 0:00:02]} O-O {[%emt 0:00:
02]} 10. Nbd2 {[%emt 0:00:01]} Kh8 {[%emt 0:00:04]} 11. Re1 {[%emt 0:00:11]}
Nh5 {[%emt 0:00:03]} 12. Nf1 {[%emt 0:00:15]} f5 {[%emt 0:00:20]} 13. exf5 {
[%emt 0:00:02]} gxf5 {[%emt 0:00:02]} 14. Bxc6 {[%emt 0:00:22]} Bxc6 {[%emt 0:
00:02] Rossetis reconnected.} 15. Nxe5 {[%emt 0:00:08]} dxe5 {[%emt 0:00:01]}
16. Qxh5 {[%emt 0:00:04]} f4 {[%emt 0:00:16]} 17. Bc5 {[%emt 0:00:06]} Qd5 {
[%emt 0:00:03]} 18. f3 {[%emt 0:00:16]} Qxc5+ {[%emt 0:00:02]} 19. d4 {[%emt 0:
00:00]} Qb6 {[%emt 0:00:05]} 20. Rxe5 {[%emt 0:00:02]} Qxb2 {[%emt 0:00:03]}
21. Rae1 {[%emt 0:00:04]} Qxc3 {[%emt 0:00:02]} 22. d5 {[%emt 0:00:03]} Bxd5 {
[%emt 0:00:12]} 23. Re7 {[%emt 0:00:06]} Bxa2 {[%emt 0:00:09]} 24. R1e5 {[%emt
0:00:03]} Bf7 {[%emt 0:00:09] Rossetis reconnected. Rossetis geeft op  (Lag:
Av=1.59s, max=21.7s)} 0-1

[Event "Dutch Internet Championship Final"]
[Site "playchess.com #038132"]
[Date "2011.06.18"]
[Round "2.1"]
[White "Christov"]
[Black "Reinderman"]
[Result "1/2-1/2"]
[WhiteElo "2470"]
[BlackElo "2514"]
[PlyCount "73"]
[EventDate "2011.06.18"]
[EventType "match (blitz)"]
[TimeControl "180+3"]

1. e4 {[%emt 0:00:01]} d6 {[%emt 0:00:01]} 2. d4 {[%emt 0:00:01]} Nf6 {[%emt 0:
00:01]} 3. Nc3 {[%emt 0:00:00]} e5 {[%emt 0:00:01]} 4. Nf3 {[%emt 0:00:00]}
Nbd7 {[%emt 0:00:01]} 5. Bc4 {[%emt 0:00:01]} Be7 {[%emt 0:00:01]} 6. O-O {
[%emt 0:00:01]} O-O {[%emt 0:00:01]} 7. a4 {[%emt 0:00:01]} c6 {[%emt 0:00:01]}
8. Ba2 {[%emt 0:00:03]} a5 {[%emt 0:00:04]} 9. Re1 {[%emt 0:00:02]} exd4 {
[%emt 0:00:09]} 10. Nxd4 {[%emt 0:00:02]} Nc5 {[%emt 0:00:07]} 11. Qf3 {[%emt
0:00:04]} Nfd7 {[%emt 0:00:10]} 12. Nf5 {[%emt 0:00:08]} Nb6 {[%emt 0:00:14]}
13. Nxe7+ {[%emt 0:00:09]} Qxe7 {[%emt 0:00:01]} 14. Bf4 {[%emt 0:00:01]} Be6 {
[%emt 0:00:12]} 15. Qg3 {[%emt 0:00:07]} Rad8 {[%emt 0:00:09]} 16. Bxe6 {[%emt
0:00:11]} Nxe6 {[%emt 0:00:04]} 17. Bc1 {[%emt 0:00:17]} d5 {[%emt 0:00:24]}
18. exd5 {[%emt 0:00:04]} Nxd5 {[%emt 0:00:01]} 19. Nxd5 {[%emt 0:00:02]} cxd5
{[%emt 0:00:17]} 20. Bd2 {[%emt 0:00:06]} b6 {[%emt 0:00:07]} 21. Rad1 {[%emt
0:00:07]} Kh8 {[%emt 0:00:07]} 22. Qb3 {[%emt 0:00:09]} Qc5 {[%emt 0:00:05]}
23. c3 {[%emt 0:00:09]} Qc6 {[%emt 0:00:29]} 24. Be3 {[%emt 0:00:11]} Rd6 {
[%emt 0:00:02]} 25. Rd2 {[%emt 0:00:06]} Nc5 {[%emt 0:00:05]} 26. Bxc5 {[%emt
0:00:02]} bxc5 {[%emt 0:00:02]} 27. Red1 {[%emt 0:00:02]} Rfd8 {[%emt 0:00:02]}
28. Qb5 {[%emt 0:00:15]} Qxb5 {[%emt 0:00:03]} 29. axb5 {[%emt 0:00:01]} c4 {
[%emt 0:00:03]} 30. Ra1 {[%emt 0:00:04]} d4 {[%emt 0:00:18]} 31. cxd4 {[%emt 0:
00:05]} Rxd4 {[%emt 0:00:01]} 32. Rxd4 {[%emt 0:00:01]} Rxd4 {[%emt 0:00:01]}
33. g3 {[%emt 0:00:14]} Rd2 {[%emt 0:00:03]} 34. Rxa5 {[%emt 0:00:08]} h6 {
[%emt 0:00:03]} 35. Ra4 {[%emt 0:00:11]} Rxb2 {[%emt 0:00:03]} 36. Rxc4 {[%emt
0:00:01]} Rxb5 {[%emt 0:00:01] Christov doet een remise aanbod} 37. Kg2 {[%emt
0:00:02] (Lag: Av=0.27s, max=0.6s)} 1/2-1/2